Music Quiz

Random Music or Billboard Quiz

Billboard top 100 songs for the week of April 3, 2016 Quiz Stats

 Plays Quiz not verified by Sporcle

Also try: Label the Drum Kit
Challenge
Share
Tweet
Embed
Score 0/100 Timer 15:00
0 Plays Today
artist song name % Correct
Rihanna and DrakeWork
94.5%
Justin BieberSorry
91.7%
Justin BieberLove Yourself
88.3%
Twenty One PilotsStressed Out
87.6%
ZAYNPILLOWTALK
86.9%
AdeleHello
84.8%
Lukas Graham7 Years
83.4%
DNCECake By The Ocean
82.1%
Flo RidaMy House
78.6%
Meghan TrainorNO
75.9%
Fifth Harmony and Ty Dolla $ignWork From Home
75.9%
Shawn MendesStitches
73.8%
Charlie PuthOne Call Away
71.7%
G-Eazy and Bebe RexhaMe, Myself, And I
71%
Ariana GrandeDangerous Woman
69.7%
The Chainsmokers and ROZESRoses
69%
Selena GomezHands To Myself
68.3%
Justin BieberWhat Do You Mean?
67.6%
Alessia CaraHere
65.5%
The WeekndThe Hills
63.4%
AdeleWhen We Were Young
63.4%
Bryson TillerDon't
62.8%
DrakeHotline Bling
59.3%
Elle KingEx's And Oh's
57.9%
The WeekndCan't Feel My Face
57.9%
Shawn Mendes and Camilla CabelloI Know What You Did Last Summer
57.9%
Zara Larsson and MNEKNever Forget You
57.2%
Daya Hide Away
55.2%
Selena GomezSame Old Love
54.5%
Meghan Trainor and John LegendLike I'm Gonna Lose You
54.5%
Fetty Wap and Remy Boyz679
53.8%
The WeekndIn The Night
52.4%
Twenty One PilotsRide
51%
Troye SivanYouth
49.7%
artist song name % Correct
James BayLet It Go
49.7%
Rachel PlattenStand By You
49.7%
DesiignerPanda
49%
The Chainsmokers and DayaDon't Let Me Down
48.3%
DJ Snake and Bipolar SunshineMiddle
47.6%
ColdplayAdventure Of A Lifetime
46.2%
Sia and Sean PaulCheap Thrills
46.2%
Drake and FutureJumpman
44.8%
Robin Schulz and Francesco YatesSugar
44.1%
Alessia CaraWild Things
44.1%
Taylor SwiftNew Romantics
43.4%
Justin BieberCompany
41.4%
Kevin Gates2 Phones
40%
Kelly ClarksonPiece By Piece
39.3%
Ellie GouldingSomething In The Way You Move
38.6%
JeremihOui
37.9%
Yo Gotti and Nicki MinajDown In The DM
36.6%
ZAYNLIKE I WOULD
36.6%
Ruth BLost Boy
35.9%
Bryson TillerExchange
35.2%
RihannaNeeded Me
34.5%
DrakeSummer Sixteen
33.8%
Future and The WeekndLow Life
32.4%
Post MaloneWhite Iverson
32.4%
ShakiraTry Everything
32.4%
Thomas RhettDie A Happy Man
31.7%
Jonas Blue and DakotaFast Car
31%
Chris BrownBack To Sleep
30.3%
Toy LanezSay It
29.7%
Carrie UnderwoodHeartbeat
29%
Young ThugBest Friend
29%
Kevin GatesReally Really
28.3%
Mike Posner I Took A Pill In Ibiza
27.6%
Thomas RhettT-Shirt
27.6%
artist song name % Correct
Belly and The WeekndMight Not
27.6%
Gwen StefaniMake Me Like You
26.9%
Maren MorrisMy Church
26.2%
Major Lazer and NYLALight It Up
26.2%
Luke Bryan and Karen FairchildHome Alone Tonight
25.5%
O.T. Genasis and Young DolphCut It
24.8%
The WeekndAcquainted
24.8%
Zendaya and Chris BrownSomething New
24.8%
Bertt Eldredge Drunk On Your Love
24.1%
Fetty WapJimmy Choo
24.1%
Blake SheltonCame Here To Forget
23.4%
Florida Georgia LineConfession
23.4%
Kid Ink and Fetty WapPromise
23.4%
Cole SwindellYou Should Be Here
22.8%
Ty Dolla $ign and E-40Saved
22.8%
Zac Brown BandBeautiful Drug
22.1%
Old DominionSnapback
22.1%
DisturbedThe Sound Of Silence
22.1%
Tim McGrawHumble And Kind
21.4%
Bryson TillerSorry Not Sorry
20.7%
Chris Young and Cassadee PopeThink Of You
19.3%
Luke NastyMight Be
18.6%
Keith UrbanBreak On Me.
18.6%
Dierks BentleySomewhere On A Beach
17.9%
Granger SmithBackroad Song
17.9%
Chris StapletonNobody To Blame
15.9%
Dustin LynchMind Reader
15.9%
Jon PardiHead Over Boots
15.9%
Rascal FlattsI Like The Sound Of That
14.5%
Lee BriceThat Don't Sound Like You
13.8%
Randy HouserWe Went
13.1%
Chase BryantLittle Bit Of You
10.3%

You're not logged in!

Compare scores with friends on all Sporcle quizzes.
OR
Log In

You Might Also Like...

Show Comments

Extras

Top Quizzes Today


Score Distribution

Your Account Isn't Verified!

In order to create a playlist on Sporcle, you need to verify the email address you used during registration. Go to your Sporcle Settings to finish the process.

Report this User

Report this user for behavior that violates our Community Guidelines.

Details: